000 nam a22 a 4500
999 _c302
_d302
005 20170503102848.0
008 170503b -uk||||| |||| 00| 0 eng d
020 _a0803918216
040 _aAKMAL
082 _a001.433 SMI
090 _a001.433
_bSMI
245 0 0 _aCommunication strategies in evaluation /
_cNick L. Smith, editor.
260 _aLondon :
_bSage in cooperation with the Northwest Regional Educational Laboratory,
_cc1982.
300 _a304p.
_c20cm
650 0 _aEvaluation.
_9676
650 0 _aCommunication
_xMethodology.
_9677
700 1 _aSmith, Nick L.
_9678
710 2 _aNorthwest Regional Educational Laboratory.
_9679
942 _2ddc
_cBOOK
950 _lAKMAL